=LDR 00000nam 2200000 4500 =001 INLIS000000000021021 =005 20130612115924 =008 ***********************************Ind** =035 ##$$0010-061300000021021 =041 ##$$a Ind =082 ##$$a R.443 =090 ##$$a R.443, Woj k =100 ##$$a Wojowasito, S =245 ##$$a Kamus umum perancis-Indonesia, S. Wojowasito, Hartono Ruslan D.E.S =260 ##$$a 1979 $b Bandung =300 ##$$a xii, 473 hlm, 21 cm =650 ##$$a Bahasa Perancis-Indonesia-Kamus =850 ##$$a NBPNMAT